Statistics for Countries producing the most marijuana resin

Click here to take the quiz!

General Stats

  • This quiz has been taken 28 times
  • The average score is 6 of 10

Answer Stats

%global totalAnswer% Correct
5.1India
88%
5.1Pakistan
85%
10Afghanistan
77%
4Turkey
73%
19Morocco
50%
4Nepal
50%
3Jamaica
46%
5.5Spain
46%
4Netherlands
38%
6Lebanon
19%

Score Distribution

Percentile by Number Answered

Percent of People with Each Score

Your Score History

You have not taken this quiz